000 00387nam a2200133Ia 4500
008 230917s9999||||xx |||||||||||||| ||und||
040 _e93553
_aMAIN
041 _aEnglish
082 _a677.02862 C392E
100 _aChattopadhya, Dipankar
245 0 _aEffect of fibre dimensions and rotor diameter on the characteristics of open end spun acrylic yarn
300 _a35 p.
942 _cTH
999 _c48420
_d48420